00386nam a22001337a 4500020001500000040000900015082001600024100001700040110001900057245007600076250001600152260004700168650003700215 a8178085712 cNUST a519.23bSTA aStark, Henry aWoods, John W. aProbability and Random Processes with Applications to Signal Processing a3rd Edition aSingapore:bPearson Education Asia,c2002. aProbability and Random Processes